[Event "75th ARM-ch Women 2020"]
[Site "Yerevan"]
[Date "2020.01.16"]
[Round "5.1"]
[White "Ambarjyan, Tereza"]
[Black "Avetisyan, Mariam"]
[Result "0-1"]
[WhiteElo "1514"]
[BlackElo "2163"]
[Annotator "TA"]
[PlyCount "114"]
[EventDate "2020.01.12"]
[EventType "tourn"]
[EventCountry "ARM"]
[SourceTitle "playchess.com"]
[Source "ChessBase"]
[SourceQuality "1"]

{[%evp 19,140,18,15,7,37,0,40,37,86,97,124,135,134,116,133,129,135,131,202,143,178,178,250,220,234,248,279,249,352,363,504,483,431,298,829,795,817,807,752,658,672,606,589,572,580,552,660,635,1135,1137,1006,1000,771,-41,-48,-56,-48,-164,-180,-169,-180,-175,-172,-193,-198,-205,-199,-1267,-1271,-952,-535,-509,-510,-457,-227,-227,-220,-222,-227,-227,-227,-211,0,0,0,0,0,-251,0,0,0,-158,-156,-144,-156,-203,-188,-194,-195,-300,-296,-339,-284,-333,-329,-322,-313,-410,-406,-398,-377,-369,-345,-29981,-29982,-29982,-29983,-29983,-29984,-29983,-29984,-29984,-29983]} 1. e4 c6 2. d4 d5 3. exd5 cxd5 4. Nf3 Nf6 5. c4 g6 6. Nc3 Bg7 7. Be2 O-O 8. O-O Nc6 9. Bf4 b6 10. Ne5 Bb7 11. Bf3 {[%cal Rc4d5] D94: Grünfeld: 4 Nf3 Bg7 5 e3} e6 (11... Na5 12. b4 Nxc4 13. Nxc4 Rc8 14. Nxb6 axb6 15. Qb3 Ne4 16. Ne2 e6 17. Rfc1 Qd7 18. a4 Nd6 {0-1 (60) Naiditsch,A (2638)-Dyachkov,S (2559) Moscow 2008}) 12. Re1 $146 ({Predecessor:} 12. Nxc6 Bxc6 13. Be5 Rc8 14. cxd5 Nxd5 15. Bxg7 Kxg7 16. Qe2 Nxc3 17. bxc3 Qd7 18. Rac1 Bxf3 19. Qxf3 {0-1 (39) Moser,W (1972)-Steinheimer,J (2035) Bayern 2015}) 12... Ne7 13. b4 {White is slightly better.} a5 14. b5 $1 Nd7 15. Na4 {Strongly threatening Nxd7.} Bxe5 16. Bxe5 Rc8 17. Rc1 $1 Nxe5 18. Rxe5 Qd6 (18... Qc7 $16 {might work better.}) 19. Re3 ({Much less strong is} 19. c5 $6 bxc5 20. Nxc5 Rc7 $16) 19... Nf5 20. Rec3 $1 Ba8 (20... Rxc4 {was necessary.} 21. Rxc4 dxc4) 21. c5 $18 bxc5 22. dxc5 Qf4 23. c6 Qb4 (23... Nd6 {keeps fighting.}) 24. b6 Nd4 {[%cal Rc8c6]} 25. Rb1 Nxf3+ 26. Rxf3 Qe4 $2 (26... Qd6) 27. b7 {[%mdl 64] Double Attack} Rb8 28. Nc5 Qc4 29. Nd7 Qxc6 30. Nxb8 ({Weaker is} 30. bxa8=N Qxd7 31. Nb6 Qa7 $18) 30... Rxb8 31. bxa8=Q Rxa8 32. Rfb3 Rc8 33. Rb8 Rxb8 34. Rxb8+ Kg7 35. Qd4+ Kh6 36. h3 $2 (36. g3 $18) 36... Qc1+ $15 37. Kh2 {Threatens to win with Rg8.} Qc7+ {[%mdl 64] Double Attack} 38. Kg1 (38. f4 $1 $15 Qxb8 39. g4) 38... Qxb8 $19 {[%mdl 4096] Endgame KQ-KQ} 39. Qd2+ Kg7 $1 40. Qxa5 Qb1+ 41. Kh2 Qb2 42. Kg3 Qe5+ 43. f4 $2 (43. Kf3) 43... Qe3+ 44. Kh2 Qxf4+ 45. Kg1 d4 {White must now prevent ...Qe3+.} 46. Qe1 d3 (46... e5 $142 {aiming for ...d3.} 47. g3 Qf5) 47. Qc3+ Qf6 48. Qxd3 Qa1+ 49. Kh2 Qxa2 50. Qc3+ {[#]} Kf8 $2 (50... Kh6 $1 $19 51. Qf6 Qa7 52. Qf4+ Kg7 53. Qe5+ Kg8) 51. Qc8+ Ke7 52. Qc7+ Kf6 53. Qd8+ $2 {[%mdl 8192]} (53. Qf4+ $11 Kg7 54. Qe5+ Kg8 55. Qb8+ Kg7 56. Qe5+ Kh6 57. Qf4+ g5 58. Qf6+ Kh5 59. Qxf7+ Kh6 60. Qf6+ Kh5 61. Qf7+ Kh6 62. Qf6+ Kh5 63. Qf7+) 53... Kf5 $2 (53... Kg7 $19 {And now ...Qe2 would win.} 54. Qd4+ f6 55. Qd7+ Kh6) 54. Qd3+ $11 Ke5 {...Qf2 is the strong threat.} 55. Qc3+ $2 ({Better is} 55. Qg3+ $11 Kd5 56. Qf3+ Kd4 57. Qf4+ Kd3 58. Qf3+ Kd4 59. Qf4+ Kd3 60. Qf3+ Kc4 61. Qxf7) 55... Kd6 $17 56. Qb4+ {[#]} Kc6 $1 57. Qe7 Qa5 {Played: Qa2-f2} 0-1

[Event "75th ARM-ch Women 2020"]
[Site "Yerevan"]
[Date "2020.01.16"]
[Round "5.2"]
[White "Kursova, Maria"]
[Black "Ghukasyan, Siranush"]
[Result "1-0"]
[WhiteElo "2241"]
[BlackElo "2246"]
[Annotator "RC"]
[PlyCount "67"]
[EventDate "2020.01.12"]
[EventType "tourn"]
[EventCountry "ARM"]
[SourceTitle "playchess.com"]
[Source "ChessBase"]
[SourceQuality "1"]
[TimeControl "40/5400+30:1800+30"]

1. d4 {[%emt 0:00:00]} d5 {[%emt 0:00:00]} 2. c4 {[%emt 0:00:00]} c6 {[%emt 0:00:00]} 3. Nc3 {[%emt 0:00:00]} Nf6 {[%emt 0:00:00]} 4. cxd5 {[%emt 0:00:05]} cxd5 {[%emt 0:00:00]} 5. Bf4 {[%emt 0:00:08]} Nc6 {[%emt 0:00:17]} 6. Rc1 {[%emt 0:00:18]} Bf5 {[%emt 0:05:47]} 7. e3 {[%emt 0:00:39]} e6 {[%emt 0:01:58]} 8. Qb3 {[%emt 0:09:50]} Bb4 {[%emt 0:13:05]} 9. a3 {[%emt 0:03:27]} Bxc3+ {[%emt 0:01:50]} 10. Rxc3 {[%emt 0:00:12]} O-O {[%emt 0:09:58]} 11. Qxb7 {[%emt 0:08:15]} Na5 {[%emt 0:00:11]} 12. Qa6 {[%emt 0:04:44]} Rc8 {[%emt 0:05:26]} 13. f3 {[%emt 0:41:28]} Rxc3 {[%emt 0:10:23]} 14. bxc3 {[%emt 0:00:08]} Nc4 {[%emt 0:05:49]} 15. Bxc4 {[%emt 0:04:46]} dxc4 {[%emt 0:00:04]} 16. e4 {[%emt 0:00:55]} Nh5 {[%emt 0:03:33]} 17. Bd6 {[%emt 0:05:21]} Qg5 {[%emt 0:07:56]} 18. Ne2 {[%emt 0:04:56]} Qxg2 {[%emt 0:07:33]} 19. Rg1 {[%emt 0:00:30]} Qxf3 {[%emt 0:00:05]} 20. exf5 {[%emt 0:00:07]} Qe3 {[%emt 0:02:33]} 21. f6 {[%emt 0:04:21]} Re8 {[%emt 0:06:36]} 22. Qc6 {[%emt 0:01:47]} Rd8 {[%emt 0:02:10]} 23. fxg7 {[%emt 0:04:08]} Nf6 {[%emt 0:02:43]} 24. Rg3 {[%emt 0:00:17]} Qe4 {[%emt 0:01:12]} 25. Qxe4 {[%emt 0:00:53]} Nxe4 {[%emt 0:00:06]} 26. Bc7 {[%emt 0:00:39]} Rd7 {[%emt 0:00:41]} 27. Re3 {[%emt 0:00:13]} f5 {[%emt 0:00:05]} 28. Be5 {[%emt 0:00:17]} Rb7 {[%emt 0:00:11]} 29. Rxe4 {[%emt 0:04:39]} fxe4 {[%emt 0:00:06]} 30. Ng3 {[%emt 0:00:26]} Rb3 {[%emt 0:00:39]} 31. Nxe4 {[%emt 0:00:05]} Rxa3 {[%emt 0:00:19]} 32. Nd6 {[%emt 0:01:24]} Rb3 {[%emt 0:00:16]} 33. Nc8 {[%emt 0:00:28]} Rb7 {[%emt 0:00:06]} 34. Bf6 {[%emt 0:00:18]} 1-0

[Event "75th ARM-ch Women 2020"]
[Site "Yerevan"]
[Date "2020.01.16"]
[Round "5.3"]
[White "Gaboyan, Susanna"]
[Black "Khachatryan, Anna"]
[Result "1/2-1/2"]
[WhiteElo "2205"]
[BlackElo "2051"]
[Annotator "TA"]
[PlyCount "91"]
[EventDate "2020.01.12"]
[EventType "tourn"]
[EventCountry "ARM"]
[SourceTitle "playchess.com"]
[Source "ChessBase"]
[SourceQuality "1"]

{[%evp 12,91,0,-15,0,-30,11,9,15,0,0,0,4,0,0,0,0,0,0,0,0,0,0,-8,0,0,0,0,0,0,0,-11,-14,-19,-19,-29,-12,-34,-38,-15,-17,-36,-9,-35,-35,-33,-14,-34,-29,-36,0,0,3,0,0,0,29,31,118,120,134,0,0,0,0,0,62,0,134,135,132,126,137,133,133,121,121,0,114,0,106,0]} 1. Nf3 Nf6 2. b3 g6 3. Bb2 Bg7 4. g3 c5 5. Bg2 O-O 6. O-O d5 7. d3 d4 {A05: Réti Opening: 1 Nf3 Nf6} (7... b6 8. e4 dxe4 9. dxe4 Qxd1 10. Rxd1 Bb7 11. e5 Ne8 12. Ng5 Bxg2 13. Kxg2 Nc6 14. f4 h6 15. Nf3 {½-½ (43) Rasulov,V (2504)-Shishkin,V (2455) Mersin 2017}) 8. e4 dxe3 $146 ({Predecessor:} 8... Nc6 9. a4 Rb8 10. Ba3 b6 11. Nbd2 a6 12. h3 Qc7 13. Qe2 e5 14. Nh4 Re8 15. Ndf3 {0-1 (38) Ioffe,D (2157)-Nizamov,I (2311) Kazan 2012}) 9. fxe3 Nc6 {The position is equal.} 10. Qe2 Bg4 11. Nbd2 Qd7 12. a4 Nd5 13. Bxg7 Kxg7 14. Qf2 Ndb4 15. Nc4 f6 16. Rad1 e5 17. e4 b6 18. c3 Na6 ({Reject} 18... Nxd3 $6 19. Qe3 $18) 19. Ne3 Be6 20. Qb2 Rad8 21. Rf2 Nc7 22. Nc2 Bg4 23. Rdd2 Qe7 24. h3 Bc8 25. Ne3 Be6 26. Kh2 Na5 27. c4 (27. b4 $5 {[%cal Rb4a5]} Nb3 28. Rd1 $15) 27... Nc6 28. Nd5 Bxd5 (28... Qd7 {keeps more tension.} 29. Rf1 Na6 30. Rdf2 Rf7 31. g4 Rdf8) 29. exd5 Nd4 $1 30. Nxd4 exd4 31. b4 Qd6 32. a5 Rde8 33. Rde2 Rxe2 34. Rxe2 Rf7 (34... Re8 $14) 35. bxc5 $16 bxc5 36. Qb7 (36. Qb8 $16) 36... f5 $1 $11 37. Qc6 Qxc6 38. dxc6 {[%mdl 4096] [#] Endgame Bd5 is the strong threat. KRB-KRN} Kf6 (38... Na6 $11) 39. Rb2 ({Better is} 39. g4 $1 $14) 39... Ke5 (39... Na6 $1 $11) 40. Rb7 $16 a6 {[#]} 41. Rb8 $1 Kd6 42. Rd8+ Ke7 43. Rc8 Kd6 44. Rd8+ Ke7 $1 {[%cal Re7d8]} 45. Rc8 Kd6 46. Rd8+ {Accuracy: White = 67%, Black = 57%.} ({White should try} 46. h4 $16) 1/2-1/2

[Event "75th ARM-ch Women 2020"]
[Site "Yerevan"]
[Date "2020.01.16"]
[Round "5.4"]
[White "Gevorgyan, Maria"]
[Black "Arakelyan, Nare"]
[Result "1-0"]
[WhiteElo "2187"]
[BlackElo "1913"]
[Annotator "TA"]
[PlyCount "87"]
[EventDate "2020.01.12"]
[EventType "tourn"]
[EventCountry "ARM"]
[SourceTitle "playchess.com"]
[Source "ChessBase"]
[SourceQuality "1"]

{[%evp 9,87,18,23,1,11,0,10,9,45,40,75,81,111,106,130,131,150,157,206,192,194,191,228,200,191,214,207,225,240,229,223,221,223,175,191,139,183,0,128,117,125,73,129,125,150,110,266,262,276,265,285,144,151,143,315,298,311,260,348,301,291,277,277,176,312,320,283,206,470,464,443,447,602,582,733,746,717,730,29997,29998]} 1. e4 c5 2. Nc3 {[%cal Bb1c3,Bc3e2,Be2f4][%mdl 32]} Nc6 3. Bb5 Nd4 4. Nf3 e6 5. Bd3 Ne7 6. Nxd4 {B30: Sicilian: 2...Nc6 3 Bb5, lines without ...g6} (6. O-O Nec6 7. Nxd4 cxd4 8. Ne2 d5 9. c3 dxe4 10. Bxe4 d3 11. Nf4 Bd6 12. Nxd3 Bxh2+ 13. Kxh2 {½-½ (60) Jones,G (2675)-Gagare,S (2502) Sharjah 2018}) 6... cxd4 7. Ne2 Nc6 8. c3 {The position is equal.} Ne5 $146 ({Predecessor:} 8... Bc5 9. b4 Bb6 10. cxd4 d5 11. Rb1 Nxd4 12. Nxd4 Bxd4 13. O-O dxe4 14. Bxe4 {½-½ (38) Kulaots,K (2556)-Sveshnikov,E (2514) Tallinn 2015}) 9. Bb1 d3 10. Nf4 Qg5 11. g3 Qf6 12. Nxd3 Nf3+ 13. Kf1 b6 14. Nf4 Ne5 15. d4 Ng6 16. Nh5 Qe7 17. Kg2 Bb7 18. Re1 f6 {[#]} 19. a4 $1 Qf7 20. a5 bxa5 21. Rxa5 Bd6 22. Qb3 (22. f4 $18) 22... Bc6 23. Qd1 $2 (23. Ba2 $18) 23... Bc7 (23... Bb7 $1 $11 {keeps the balance.}) 24. Ra1 $36 {[%mdl 2048] Black is under strong pressure.} O-O 25. Kg1 ({White should try} 25. c4) 25... Kh8 ({Black should play} 25... d5) 26. c4 $16 Bb7 27. Ra3 f5 $2 (27... a5 $16 28. Bd2 e5) 28. exf5 $18 exf5 29. d5 f4 30. Qc2 (30. Nxf4 $18 Bxf4 31. gxf4 Nxf4 32. Qd4) 30... fxg3 $16 31. hxg3 Bb6 $2 (31... Bd6 $16) 32. Nf4 $18 Rac8 {and the idea ...Bxd5 leaves Black hopeful.} 33. Rf1 Qe8 34. Rf3 Rxf4 35. Rxf4 {Threatens to win with Qf5.} ({Much less strong is} 35. gxf4 $6 Bxd5 36. Rc3 Bf7 $18) 35... Bxd5 36. Qd3 Bb7 (36... Be6 {was necessary.} 37. Rh4 Bd8) 37. Bd2 Qe6 {Strongly threatening ...Qh3.} 38. Qf5 {Qh5 is the strong threat.} Qd6 $2 ({Don't go for} 38... Qc6 $2 39. Be4 $18) (38... Qg8 39. Qxd7 Rc7) 39. Qh3 Kg8 40. Bc3 Re8 41. b4 Qc6 42. c5 Bc7 43. Ba2+ Kh8 {[#]} 44. Bxg7+ $1 {[%mdl 512] Accuracy: White = 66%, Black = 31%.} 1-0

[Event "75th ARM-ch Women 2020"]
[Site "Yerevan"]
[Date "2020.01.16"]
[Round "5.5"]
[White "Khachatryan, Veronika"]
[Black "Hakobyan, Astghik"]
[Result "0-1"]
[WhiteElo "1905"]
[BlackElo "1917"]
[Annotator "NA RC"]
[PlyCount "108"]
[EventDate "2020.01.12"]
[EventType "tourn"]
[EventCountry "ARM"]
[SourceTitle "playchess.com"]
[Source "ChessBase"]
[SourceQuality "1"]
[TimeControl "40/5400+30:1800+30"]

1. c4 {[%emt 0:00:00]} Nf6 {[%emt 0:00:02]} 2. Nc3 {[%emt 0:00:00]} c5 {[%emt 0:01:44]} 3. g3 {[%emt 0:11:41]} e6 {[%emt 0:00:56]} 4. Bg2 {[%emt 0:05:11]} Be7 {[%emt 0:00:57]} 5. e4 {[%emt 0:01:56]} d6 {[%emt 0:00:20]} 6. Nge2 {[%emt 0:00:09]} O-O {[%emt 0:01:05]} 7. O-O {[%emt 0:00:06]} a6 {[%emt 0:03:11]} 8. d3 {[%emt 0:05:11]} Nc6 {[%emt 0:02:09]} 9. f4 {[%emt 0:00:37]} Qc7 {[%emt 0:02:02]} 10. h3 {[%emt 0:13:39]} Rb8 {[%emt 0:04:17]} 11. a4 {[%emt 0:00:13]} Rd8 {[%emt 0:04:44]} 12. g4 {[%emt 0:02:32]} Nb4 {[%emt 0:09:42]} (12... h6 $11) 13. g5 {[%emt 0:08:34]} Nd7 {[%emt 0:04:40]} 14. Ng3 {[%emt 0:08:54]} Bf8 {[%emt 0:03:12]} 15. Nh5 $11 {[%emt 0:08:56]} d5 {[%emt 0:08:34]} 16. exd5 {[%emt 0:06:07]} exd5 {[%emt 0:00:02]} 17. Nxd5 {[%emt 0:00:11]} Nxd5 {[%emt 0:00:12]} 18. Bxd5 {[%emt 0:00:12]} Nb6 {[%emt 0:00:23]} 19. Bg2 {[%emt 0:08:46]} Bf5 {[%emt 0:01:36]} 20. Rf3 {[%emt 0:01:01]} Qd6 {[%emt 0:17:13]} 21. Bf1 {[%emt 0:02:06]} Nxc4 {[%emt 0:00:48]} 22. Qc2 {[%emt 0:00:28]} Na5 {[%emt 0:02:08]} 23. Ng3 {[%emt 0:02:38]} Qd7 {[%emt 0:05:08]} 24. Nxf5 {[%emt 0:06:22]} Qxf5 {[%emt 0:00:02]} 25. Rg3 {[%emt 0:04:01]} Nc6 {[%emt 0:01:28]} 26. Bd2 {[%emt 0:02:08]} Bd6 {[%emt 0:02:06]} 27. Bg2 {[%emt 0:00:56]} Nd4 {[%emt 0:01:18]} 28. Qd1 {[%emt 0:00:13]} Bxf4 {[%emt 0:00:57]} 29. Rf3 {[%emt 0:00:40]} Qe5 {[%emt 0:04:38]} 30. Bxf4 {[%emt 0:00:52]} Ne2+ {[%emt 0:00:25]} 31. Qxe2 {[%emt 0:00:27]} Qxe2 {[%emt 0:00:02]} 32. Bxb8 {[%emt 0:00:08]} Rxb8 {[%emt 0:00:29]} 33. Raf1 {[%emt 0:00:14]} Rf8 {[%emt 0:02:28]} 34. R1f2 {[%emt 0:00:57]} Qe1+ {[%emt 0:00:27]} 35. Kh2 {[%emt 0:00:49]} Qe5+ {[%emt 0:00:09]} 36. Rf4 {[%emt 0:00:20]} f6 {[%emt 0:00:32]} 37. Kh1 {[%emt 0:00:29]} Qxg5 {[%emt 0:00:20]} 38. Bxb7 {[%emt 0:00:18]} a5 {[%emt 0:02:16]} 39. Rf5 {[%emt 0:00:49]} Qc1+ {[%emt 0:01:55]} 40. Kg2 {[%emt 0:00:00]} Rb8 {[%emt 0:00:00]} 41. Bd5+ {[%emt 0:00:40]} Kh8 {[%emt 0:02:43]} 42. b3 {[%emt 0:00:38]} Re8 {[%emt 0:01:26]} 43. Bc4 {[%emt 0:14:20]} Qe3 {[%emt 0:08:12]} 44. Rd5 {[%emt 0:00:36]} h6 {[%emt 0:02:38]} 45. Rf3 {[%emt 0:02:18]} Qd2+ {[%emt 0:01:12]} 46. Rf2 {[%emt 0:01:39]} Re2 {[%emt 0:01:51]} 47. Rxe2 {[%emt 0:00:05]} Qxe2+ {[%emt 0:00:01]} 48. Kg3 {[%emt 0:00:07]} Qe3+ {[%emt 0:00:08]} 49. Kg4 {[%emt 0:02:17]} Kh7 {[%emt 0:01:41]} 50. h4 {[%emt 0:04:13]} g6 {[%emt 0:01:33]} 51. Rd7+ {[%emt 0:00:31]} Kh8 {[%emt 0:00:03]} 52. Rd8+ {[%emt 0:00:10]} Kg7 {[%emt 0:00:01]} 53. Rd7+ {[%emt 0:00:19]} Kf8 {[%emt 0:00:04]} 54. Rf7+ {[%emt 0:00:27]} Ke8 {[%emt 0:00:07]} 0-1

[Event "75th ARM-ch Women 2020"]
[Site "Yerevan"]
[Date "2020.01.17"]
[Round "6.1"]
[White "Avetisyan, Mariam"]
[Black "Arakelyan, Nare"]
[Result "1-0"]
[WhiteElo "2163"]
[BlackElo "1913"]
[Annotator "TA"]
[PlyCount "81"]
[EventDate "2020.01.12"]
[EventType "tourn"]
[EventCountry "ARM"]
[SourceTitle "playchess.com"]
[Source "ChessBase"]
[SourceQuality "1"]

{[%evp 13,81,22,21,14,16,15,20,14,24,25,38,43,36,36,30,31,38,35,46,41,52,37,44,40,47,56,79,70,86,110,110,22,33,-14,32,-56,-51,-89,-66,-87,-49,-42,-48,-47,-46,-85,-96,-89,-112,-110,-116,-202,-117,-199,-189,-230,-229,-221,-220,-225,-86,-103,0,0,29991,29992,29997,29998,29998,29999]} 1. d4 d5 2. c4 c6 3. cxd5 cxd5 4. Bf4 Nf6 5. e3 Nc6 6. Nc3 Bf5 7. Qb3 Na5 8. Qa4+ {D10: Slav Defence: 3 cxd5 (without early Nf3) and 3 Nc3} Bd7 9. Qc2 {Black should prevent Nb5.} e6 10. Bd3 {The position is equal.} Nc6 11. a3 (11. Qe2 Bb4 12. Nf3 Nh5 13. Bg5 Qa5 14. O-O h6 15. Bh4 g5 {½-½ (75) Harikrishna,P (2731)-Carlsen,M (2870) Kolkata 2019}) 11... Be7 12. h3 O-O 13. Nf3 Rc8 14. O-O {[#]} h6 $146 ({Predecessor:} 14... g6) 15. Rac1 a6 16. Qe2 Be8 17. Rfd1 Na5 18. Ne5 b5 19. Bb1 Nd7 20. Nxd7 Qxd7 21. e4 $1 dxe4 22. Qxe4 ({Better is} 22. Nxe4 $16 {Threatens to win with Bxh6!} Rxc1 23. Bxc1 (23. Rxc1 Qxd4 24. Rd1 Qc4 $11)) 22... f5 $11 23. Qd3 Bf6 24. Ne2 (24. Ba2 $14) 24... Nc4 $36 {[%mdl 2048] White is under pressure.} 25. Qb3 Bf7 26. Qa2 Qe7 27. b3 Nxa3 28. Bd3 a5 29. Qb2 b4 30. Rxc8 Rxc8 31. Rc1 Qb7 32. Be5 (32. Rxc8+ $17 Qxc8 33. Be5) 32... Bxe5 (32... Rxc1+ $19 33. Nxc1 Bxe5 34. dxe5 Qd5) 33. dxe5 (33. Rxc8+ $17 Qxc8 34. dxe5) 33... Rd8 $19 34. Bc4 Nxc4 35. Rxc4 Be8 36. Nf4 {[#]} Bc6 (36... Qd7 $1 $19 {And now ...g5 would win.} 37. h4 g5) 37. Qc1 $17 {[#]} Bd5 (37... Bd7 $1 $17) 38. Rc7 $11 Qa8 $2 {[%mdl 8192]} (38... Qb5 $11) 39. Nh5 {White mates.} g5 40. Nf6+ Kf8 41. Qc5+ {Accuracy: White = 55%, Black = 54%.} 1-0

[Event "75th ARM-ch Women 2020"]
[Site "Yerevan"]
[Date "2020.01.17"]
[Round "6.2"]
[White "Khachatryan, Anna"]
[Black "Khachatryan, Veronika"]
[Result "1-0"]
[WhiteElo "2051"]
[BlackElo "1905"]
[Annotator "NA RC"]
[PlyCount "69"]
[EventDate "2020.01.12"]
[EventType "tourn"]
[EventCountry "ARM"]
[SourceTitle "playchess.com"]
[Source "ChessBase"]
[SourceQuality "1"]
[TimeControl "40/5400+30:1800+30"]

1. e4 {[%emt 0:00:00]} Nf6 {[%emt 0:00:09]} 2. e5 {[%emt 0:00:00]} Nd5 {[%emt 0:00:05]} 3. c4 {[%emt 0:00:00]} Nb6 {[%emt 0:00:05]} 4. d4 {[%emt 0:00:00]} d6 {[%emt 0:00:10]} 5. exd6 {[%emt 0:00:00]} cxd6 {[%emt 0:00:15]} 6. Nc3 {[%emt 0:00:00]} g6 {[%emt 0:00:13]} 7. Be3 {[%emt 0:00:00]} Bg7 {[%emt 0:00:32]} 8. Rc1 {[%emt 0:00:00]} O-O {[%emt 0:01:03]} 9. b3 {[%emt 0:00:00]} Nc6 {[%emt 0:02:59]} 10. d5 {[%emt 0:01:54]} Ne5 {[%emt 0:03:57]} 11. Be2 {[%emt 0:01:49]} f5 {[%emt 0:03:57]} 12. f4 {[%emt 0:02:23]} Nf7 {[%emt 0:03:04] B03: Alekhine's Defence: Four Pawns Attack} ({Black should try} 12... Ng4 13. Bxg4 (13. Bd4 e5 14. dxe6 Bxe6 15. Bxg4 Bxd4 16. Qxd4 fxg4 17. Nge2 Qh4+ 18. Ng3 Qf6 19. Qxf6 Rxf6 20. O-O d5 {1-0 (40) Azarov,S (2582)-Bernadskiy,V (2529) Lvov 2017}) 13... fxg4) 13. Nf3 {[%emt 0:00:38]} e5 {[%emt 0:04:05]} 14. dxe6 {[%emt 0:03:08]} Bxe6 {[%emt 0:00:06]} 15. O-O {[%emt 0:00:59]} Re8 {[%emt 0:03:28]} 16. Bd4 {[%emt 0:04:04]} Rc8 {[%emt 0:10:40]} 17. Bxg7 {[%emt 0:06:18]} Kxg7 {[%emt 0:00:02]} 18. Qd4+ $146 {[%emt 0:00:18]} ({Predecessor:} 18. Nd4 Kg8 19. Bf3 Qd7 20. Re1 {1-0 (30) Minko,D (2091)-Craciun,A (1889) Mamaia 2017}) 18... Qf6 {[%emt 0:05:58]} 19. Rfd1 {[%emt 0:03:51]} Qxd4+ {[%emt 0:05:17]} 20. Nxd4 {[%emt 0:00:40]} a6 {[%emt 0:02:33]} 21. Bf3 {[%emt 0:01:37]} Rc7 {[%emt 0:01:42]} 22. a4 {[%emt 0:07:03]} Kf6 {[%emt 0:05:38]} 23. a5 {[%emt 0:02:30]} Nc8 {[%emt 0:00:57]} 24. Re1 {[%emt 0:02:35]} Rce7 {[%emt 0:09:47]} 25. Nxe6 {[%emt 0:01:47]} Rxe6 {[%emt 0:00:08]} 26. Rxe6+ {[%emt 0:00:15]} Rxe6 {[%emt 0:00:42]} 27. Bxb7 {[%emt 0:00:14]} Ne7 {[%emt 0:01:01]} 28. Bxa6 {[%emt 0:00:13]} Nc6 {[%emt 0:01:37]} 29. Nd5+ {[%emt 0:00:13]} Kg7 {[%emt 0:00:09]} 30. b4 {[%emt 0:00:50]} Nd4 {[%emt 0:01:00]} 31. Rd1 {[%emt 0:00:28]} Nb3 {[%emt 0:01:20]} 32. Bb5 {[%emt 0:00:34]} Re2 {[%emt 0:01:07]} 33. a6 {[%emt 0:01:26]} Ra2 {[%emt 0:00:24]} 34. Nc3 {[%emt 0:00:09]} Ra3 {[%emt 0:00:19]} 35. Na4 $18 {[%emt 0:00:17]} 1-0

[Event "75th ARM-ch Women 2020"]
[Site "Yerevan"]
[Date "2020.01.17"]
[Round "6.3"]
[White "Ghukasyan, Siranush"]
[Black "Gevorgyan, Maria"]
[Result "0-1"]
[WhiteElo "2246"]
[BlackElo "2187"]
[Annotator "TA"]
[PlyCount "62"]
[EventDate "2020.01.12"]
[EventType "tourn"]
[EventCountry "ARM"]
[SourceTitle "playchess.com"]
[Source "ChessBase"]
[SourceQuality "1"]

{[%evp 14,66,45,39,51,34,23,-100,-109,-101,-112,-107,-100,-112,-102,-108,-107,-108,-109,-176,-165,-183,-191,-207,-200,-208,-171,-223,-229,-260,-259,-265,-265,-315,-311,-302,-238,-368,-365,-357,-347,-338,-331,-370,-366,-357,-343,-408,-414,-388,-395,-432,-432,-440,-443]} 1. e4 d6 2. d4 Nf6 3. Nc3 e5 4. Nf3 Nbd7 5. Bc4 Be7 6. O-O O-O 7. Re1 c6 8. a4 exd4 {C41: Philidor Defence} 9. Qxd4 Ng4 10. Bf4 $146 {[#]} (10. a5 $11 {remains equal.}) ({Predecessor:} 10. h3 Nge5 11. Be2 Nxf3+ 12. Bxf3 Ne5 13. Be2 Bf6 14. Qd1 Ng6 15. f4 Re8 16. Bd3 Bxc3 17. bxc3 {½-½ (23) Poetsch,H (2464)-Khenkin,I (2578) Frankfurt 2015}) 10... d5 $1 $17 {Black is better.} 11. exd5 Bc5 12. Qd2 {Ne4 is the strong threat.} Bxf2+ 13. Kh1 {aiming for Re2.} Bxe1 14. Rxe1 Nb6 15. Bb3 Nxd5 16. Nxd5 (16. Bxd5 $17 cxd5 17. Nxd5) 16... cxd5 $19 17. Bxd5 Nf6 18. c4 Nxd5 19. cxd5 Bd7 20. Qd3 (20. d6 $142) 20... Re8 ({Don't play} 20... Bxa4 21. Ng5 $17) 21. Rf1 f6 ({Not} 21... Bxa4 $2 22. Ng5 $18) 22. b3 Qe7 23. Nd2 Qe2 24. Qd4 b6 25. Rg1 (25. h3 $142) 25... Rac8 {[%cal Ba8c8,Bc8c5,Bc5b5,Bb5d5,Bd5d3][%mdl 32]} 26. a5 Rc5 (26... bxa5 27. Nc4 $19) 27. axb6 axb6 28. b4 Rb5 29. d6 Qe6 30. h3 Rd5 31. Qf2 Rd3 {Played: Qe6-f5} 0-1